000 00497nam a2200169Ia 4500
999 _c13027
_d13027
003 OSt
005 20201030101355.0
008 190216s9999||||xx |||||||||||||| ||und||
040 _coclc
082 _a956.94405
_bCOL/J
100 1 _aCollins, Larry
_9135
245 0 _aO Jerusalem /
_cLarry Collins ; Dominique Lapierre
260 _bPan Books,
_c1972.
_aLondon:
300 _a622p
650 _aEnglish Literature
942 _cBK
_2ddc
_h956.94405
_iCOL/J
_k956.94405
_mCOL/J